000 00778nam a2200265 i 4500
001 C2-0300457
003 PPAK
005 20180728081954.0
008 091105s2003 my |||| ||||| | may d
020 _a9833604625
040 _aPPAK
_beng
_cPPAK
_erda
082 0 4 _a297.1228614
_223
090 0 0 _a297.1228614
_bDAN
_dG
100 0 _aDanial Zainal Abidin,
_eauthor
245 1 0 _aPerubatan Islam dan bukti sains moden
264 1 _aKuala Lumpur :
_bPTS Millennia ,
_c2003
300 _aviii, 259 pages ;
_c22 cm
336 _2rdacontent
_atext
337 _2rdamedia
_aunmediated
338 _2rdacarrier
_avolume
490 1 _aSiri Islam moden
650 1 0 _aMedicine - Religious aspects - Islam. ; Koran and science.
830 0 _aSiri Islam moden
942 _ddc
_cB
999 _c104343
_d104343